| 000 | 00514 a2200181 4500 | ||
|---|---|---|---|
| 003 | OSt | ||
| 005 | 20240205131847.0 | ||
| 008 | 240205b |||||||| |||| 00| 0 eng d | ||
| 020 | _a9789385269875 | ||
| 040 | _coclc | ||
| 082 |
_a894.8128 _bPAL/P |
||
| 100 |
_aPaleri, Abdulla _910384 |
||
| 245 |
_aPakshi Nireekshanam / _cAbdulla Paleri |
||
| 250 | _a1st ed. | ||
| 260 |
_aKOZHIKODE: _bOLIVE PUBLICATION, _c2016. |
||
| 300 | _a130P. | ||
| 942 |
_2ddc _cBK _h894.8128 _iPAL/P _k894.8128 _mPAL/P |
||
| 999 |
_c44288 _d44288 |
||